Loading...
| Current Events | 4 | 12.50 | 100% | 25% | 0% |
| Fine Arts - Classical Music | 3 | 26.67 | 100% | 100% | 67% |
| Fine Arts - Other | 5 | 16.00 | 100% | 60% | 0% |
| Fine Arts - Painting and Sculpture | 4 | 20.00 | 100% | 100% | 0% |
| Geography | 3 | 20.00 | 67% | 100% | 33% |
| History - American | 5 | 18.00 | 100% | 60% | 20% |
| History - European | 7 | 21.43 | 100% | 71% | 43% |
| History - Other | 7 | 20.00 | 86% | 71% | 43% |
| History - World | 7 | 21.43 | 100% | 71% | 43% |
| Literature - American | 6 | 26.67 | 100% | 83% | 83% |
| Literature - British | 5 | 22.00 | 80% | 100% | 40% |
| Literature - European | 4 | 25.00 | 100% | 100% | 50% |
| Literature - World | 7 | 22.86 | 100% | 100% | 29% |
| Mythology | 8 | 23.75 | 100% | 88% | 50% |
| Philosophy | 5 | 20.00 | 100% | 80% | 20% |
| Popular Culture | 3 | 23.33 | 100% | 67% | 67% |
| Religion | 4 | 22.50 | 100% | 100% | 25% |
| Science - Biology | 8 | 20.00 | 88% | 88% | 25% |
| Science - Chemistry | 7 | 15.71 | 100% | 43% | 14% |
| Science - Other | 7 | 27.14 | 100% | 100% | 71% |
| Science - Physics | 3 | 20.00 | 100% | 67% | 33% |
| Social Science | 3 | 16.67 | 67% | 100% | 0% |